La organización mundial de comercio y la ronda Uruguay: manual para empresarios

保存先:
書誌詳細
第一著者: Tironi, Ernesto (著者)
フォーマット: 図書
言語:スペイン語
出版事項: Santiago Dolmen 1995
主題:
タグ: タグ追加
タグなし, このレコードへの初めてのタグを付けませんか!

MARC

LEADER 00000nam a2200000 a 4500
001 UCT0769
003 CL-VaPUC
005 20240923103643.0
008 960906e19950000CL |||||||||||||||||spa|d
999 |c 251475  |d 251473 
040 |c Pontificia Universidad Católica de Valparaíso 
082 0 4 |a 382.9  |b TIR  |2 21 
100 0 |a Tironi, Ernesto  |e author  |9 369220 
245 1 3 |a La organización mundial de comercio y la ronda Uruguay: manual para empresarios 
260 |a Santiago  |b Dolmen  |c 1995 
300 |a 134 p 
583 |a last modification  |c 19960906 00:00:00  |k Rodrigo Vera 
650 0 |a Comercio exterior  |2 CL-VaPUC  |9 369221  |x Regulación 
650 0 |a Organización Mundial del Comercio (OMC)  |9 891537 
650 0 |a General Agreement on Tariffs and Trade (GATT)  |9 336918 
650 0 |a General agreement on trade in services (GATS)  |9 891541 
650 0 |a Ronda Uruguay  |9 891543  |y 1986-1994 
942 |c BK  |2 ddc 
945 |d 19960906 00:00:00  |a nastorga 
952 |0 0  |1 0  |4 0  |6 382_900000000000000_TIR_1995  |7 0  |8 R  |9 270661  |a BIBENE  |b BIBENE  |d 2019-11-19  |i 3228258  |o 382.9 TIR 1995  |p 3228258  |r 2025-01-15  |w 2019-11-19  |y BK_R  |k ICO